000 00662nab a2200193 4500
001 244442
003 OSt
005 20240131090343.0
007 tu
008 200917s2020|||||||
040 _aDE-2950
_cDE-2950
245 0 0 _aArbeitsbedingungen im Fokus
_bAusstand. Bernd Hohmann ist seit vielen Jahren Lokführer bei der DB Region und zugleich Vorsitzender der GDL-Ortsgruppe Frankfurt. Er erklärt, warum er streikt/
_cSelim Pekel
264 _c2024
653 _aFrankfurt (Oder)
653 _aLokführer-Streik
653 _aBernd Hohmann
773 0 _g35. Jahrgang (2024) Nr. 22 vom 26.01.2024, S. 13, mit Foto
_tMärkische Oderzeitung
942 _2z
_cA
999 _c372953
_d372953